Las sorpresas del tiempo : (Registro nro. 7067)
[ vista simple ]
| 000 -LEADER | |
|---|---|
| fixed length control field | 01494nam a22002297a 4500 |
| 003 - CONTROL NUMBER IDENTIFIER | |
| control field | OSt |
| 005 - DATE AND TIME OF LATEST TRANSACTION | |
| control field | 20210119142717.0 |
| 008 - FIXED-LENGTH DATA ELEMENTS--GENERAL INFORMATION | |
| fixed length control field | 210119s2006 ck ||||gr|||| 00| 0 spa d |
| 020 ## - INTERNATIONAL STANDARD BOOK NUMBER | |
| International Standard Book Number | 9589719735 |
| 040 ## - CATALOGING SOURCE | |
| Original cataloging agency | CO-JMCR |
| Transcribing agency | CO-JMCR |
| 041 0# - LANGUAGE CODE | |
| Language code of text/sound track or separate title | spa |
| 082 04 - DEWEY DECIMAL CLASSIFICATION NUMBER | |
| Classification number | 928 / |
| Item number | C758l |
| Edition number | 23 |
| 100 1# - MAIN ENTRY--PERSONAL NAME | |
| Personal name | Consuegra Higgins, José, |
| Relator term | autor |
| 9 (RLIN) | 3510 |
| 245 14 - TITLE STATEMENT | |
| Title | Las sorpresas del tiempo : |
| Remainder of title | Del recuerdo a la semblanza / |
| Statement of responsibility, etc. | José Consuegra Higgins |
| 260 ## - PUBLICATION, DISTRIBUTION, ETC. | |
| Place of publication, distribution, etc. | Barranquilla : |
| Name of publisher, distributor, etc. | Mejoras, |
| Date of publication, distribution, etc. | 2006 |
| 300 ## - PHYSICAL DESCRIPTION | |
| Extent | xx, 156 : xxii 109 páginas ; |
| Dimensions | 24 cm. |
| 490 ## - SERIES STATEMENT | |
| Series statement | Obras completas ; |
| Volume/sequential designation | 5 |
| 505 0# - FORMATTED CONTENTS NOTE | |
| Title | Tres comentarios -- Una carta -- Sobre un libro y una carta -- Un libro -- Prólogo la séptima edición -- Del recuerdo a la semblanza -- Brisas y veranos del ayer -- Prodigios de la cumbia -- Mi pueblo, ayer y hoy -- De la lectura y el relato a la telenovela -- La navidad en mi pueblo -- El encanto de las lluvias |
| -- | Nota del autor -- Prólogo a la primera edición -- Prólogo a la sexta edición -- Primero fue el mar -- Volver a Popayán -- Bogotá, Cartagena, amigos y Desarrollo Indoamericano -- Recuerdos de la URSS -- La casa de la cultura de Bagdad a Atenas -- Los pueblos piensan con nobleza -- La defensa de los recursos -- El Chile de Allende -- Ilusiones y entregas -- Así es su universo<br/>La tía Pacha -- El quehacer político -- La universalidad -- Recuerdos de ciudades -- La planeación |
| 650 24 - SUBJECT ADDED ENTRY--TOPICAL TERM | |
| Topical term or geographic name entry element | Literatura colombiana |
| 9 (RLIN) | 12884 |
| 650 24 - SUBJECT ADDED ENTRY--TOPICAL TERM | |
| Topical term or geographic name entry element | Diarios íntimos |
| 9 (RLIN) | 12885 |
| 942 ## - ADDED ENTRY ELEMENTS (KOHA) | |
| Source of classification or shelving scheme | Dewey Decimal Classification |
| Koha item type | Books |
| Withdrawn status | Lost status | Source of classification or shelving scheme | Damaged status | Not for loan | Home library | Current library | Shelving location | Date acquired | Source of acquisition | Total Checkouts | Full call number | Barcode | Date last seen | Copy number | Price effective from | Koha item type |
|---|---|---|---|---|---|---|---|---|---|---|---|---|---|---|---|---|
| Dewey Decimal Classification | Biblioteca Pública José María del Castillo y Rada | Biblioteca Pública José María del Castillo y Rada | General Stacks | 04/15/2018 | Donación | 928 / C758l | 201810152 | 05/16/2024 | Ej.1 | 04/15/2018 | Books |